Návrh ostrovného systému na báze kogeneračnej jednotky
Saved in:
| Main Author: | |
|---|---|
| Other Authors: | |
| Format: | Manuscript Book |
| Language: | Slovak |
| Published: |
Bratislava :
STU v Bratislave FEI,
2021
|
| Subjects: | |
| Online Access: | https://opac.crzp.sk/?fn=detailBiblioForm&sid=52328540584FDC4D96832AAB80F2&seo=CRZP-detail-kniha |
| Tags: |
No Tags, Be the first to tag this record!
|
MARC
| LEADER | 00000ntm a22000003a 4500 | ||
|---|---|---|---|
| 001 | stuzp74388 | ||
| 003 | SK-STU | ||
| 005 | 20211126103243.6 | ||
| 007 | ta | ||
| 008 | 150427s2015----xo-----f-mn---000-0-slo-d | ||
| 040 | |a STU |b slo | ||
| 041 | 0 | |a slo | |
| 044 | |a xo | ||
| 100 | 1 | |a Kokosík, Martin |u 032000 |4 aut |U FEI Fakulta elektrotechniky a informatiky |T FEI Ústav elektroenergetiky a aplikovanej elektrotechniky |X 74466 |U E020 |Y 548 |7 74466 | |
| 242 | 0 | 1 | |a Design of island system based on Cogeneration Unit |y eng |
| 245 | 1 | 0 | |a Návrh ostrovného systému na báze kogeneračnej jednotky |
| 260 | |a Bratislava : |b STU v Bratislave FEI, |c 2021 | ||
| 300 | |a 54 s. | ||
| 650 | 4 | |a ostrovné systémy |2 slo | |
| 650 | 4 | |a kogenerácia |2 slo | |
| 650 | 4 | |a kogeneračné jednotky |2 slo | |
| 650 | 4 | |a cogeneration |2 eng | |
| 650 | 4 | |a cogeneration units |2 eng | |
| 650 | 4 | |a island systems |2 eng | |
| 700 | 1 | |a Pípa, Marek |u 032000 |k Z1 |4 ths |U FEI Fakulta elektrotechniky a informatiky |T FEI Ústav elektroenergetiky a aplikovanej elektrotechniky |X 2666 |U E020 |Y 548 |7 A000002666 | |
| 856 | 4 | |u https://opac.crzp.sk/?fn=detailBiblioForm&sid=52328540584FDC4D96832AAB80F2&seo=CRZP-detail-kniha | |